| 000 | 00727nam a2200217 i 4500 | ||
|---|---|---|---|
| 001 | bg | ||
| 245 | 0 | 0 |
_aStrategia rozwoju kraju 2007 - 2015 : _bdokument przyjęty przez Radę Ministrów w dniu 29 listopada 2006 roku / _cMinisterstwo Rozwoju Regionalnego. |
| 260 |
_aWarszawa : _bMinisterstwo Rozwoju Regionalnego, _c2006. |
||
| 300 |
_a179 s. : _bil. kolor. ; _c24 cm. |
||
| 651 | 9 |
_aPolska _xgospodarka _xprognozy |
|
| 710 | 2 |
_aPolska. _bMinisterstwo Rozwoju Regionalnego. |
|
| 020 | _a9788360916261 | ||
| 040 | _cBPK | ||
| 041 | 0 | _apol | |
| 044 | _aPOL | ||
| 080 | _a338.27(438) | ||
| 920 | _a978-83-60916-26-1 | ||
| 942 | _cKS | ||
| 008 | s pl f |000 0 pol | ||
| 999 |
_c54468 _d54468 |
||
| 856 |
_uhttp://koha.tu.koszalin.pl/cgi-bin/koha/opac-detail.pl?biblionumber=54468 _yKatalog online BPK |
||